Jacques Lacan : The Death of an Intelectual Hero /
שמור ב:
| מחבר ראשי: | |
|---|---|
| פורמט: | לא ידוע |
| שפה: | English |
| יצא לאור: |
Cambridge :
Harvard University Press,
1983.
|
| נושאים: | |
| תגים: |
הוספת תג
אין תגיות, היה/י הראשונ/ה לתייג את הרשומה!
|
MARC
| LEADER | 000000000a22000000004500 | ||
|---|---|---|---|
| 001 | 011716 | ||
| 020 | |a 0674471156 | ||
| 041 | 0 | |a eng | |
| 082 | 0 | 4 | |a 150.19 |b S932l |
| 100 | 1 | |a Schneiderman, Stuart, |d 1943- | |
| 245 | 1 | 0 | |a Jacques Lacan : |b The Death of an Intelectual Hero / |c Stuart Schneiderman. |
| 260 | 1 | |a Cambridge : |b Harvard University Press, |c 1983. | |
| 300 | |a 182 páginas | ||
| 650 | 4 | |a LACAN, JACQUES, 1901-1981 | |
| 650 | 4 | |a PSICOANALISIS | |
| 650 | 4 | |a FRANCIA | |
| 650 | 4 | |a BIOGRAFIAS | |
| 650 | 4 | |a HISTORIA SIGLO XX | |
| 500 | |a Colección George Yúdice | ||
| 999 | |c 17751 |d 17751 | ||
| 942 | |c BK |h 150.19 S932l |2 z | ||



